[Event "ISR-chT 2019"]
[Site "Israel"]
[Date "2019.01.04"]
[Round "1"]
[White "Rodshtein, Maxim"]
[Black "Veinberg, Nimrod"]
[Result "1/2-1/2"]
[WhiteElo "2668"]
[BlackElo "2399"]
[Annotator "TA"]
[PlyCount "75"]
[EventDate "2019.01.04"]
[EventType "team-tourn"]
[EventCountry "ISR"]
[SourceTitle "playchess.com"]
[Source "ChessBase"]
[SourceQuality "1"]

{[%evp 17,75,22,24,0,8,-4,21,22,25,18,12,10,0,0,33,32,58,0,22,0,0,0,0,0,0,0,0,0,37,0,0,0,0,0,0,-87,-60,-86,0,0,0,0,0,0,0,0,0,0,0,0,0,0,0,0,0,0,0,0,0,0]} 1. Nf3 d5 2. g3 g6 3. Bg2 Bg7 4. d4 Nd7 5. O-O Ngf6 6. a4 {D02: 1 d4 d5 2 Nf3 sidelines, including 2...Nf6 3 g3 and 2...Nf6 3 Bf4} a5 7. c4 dxc4 8. Qc2 Nb6 9. e4 O-O {LiveBook: 3 Games} 10. Nc3 $146 ({Predecessor:} 10. Rd1 Bg4 11. Nbd2 Qc8 12. b3 {0-1 (45) Giri,A (2771)-Nakamura,H (2785) Stavanger 2017}) 10... Bg4 11. Be3 Qc8 12. Ne5 Bh3 13. Bxh3 Qxh3 14. f3 Nfd7 15. f4 Bxe5 (15... c6 {is more complex.} 16. Rab1 Rad8 17. Rbd1 Rfe8 18. Qf2 Rf8) 16. dxe5 f6 17. Nd5 (17. exf6 $14 exf6 18. Nd5) 17... fxe5 {Threatening ...Nxd5.} (17... Nxd5 {seems wilder.} 18. Qxc4 Rf7 19. Qxd5 e6 20. Qb5 fxe5 21. fxe5 Raf8) 18. Bxb6 Nxb6 19. Nxb6 cxb6 20. Qxc4+ Kh8 21. fxe5 Qg4 22. e6 Rad8 23. Rae1 Kg8 24. Rf7 Rxf7 25. exf7+ $11 {[%mdl 4096] Endgame KQR-KQR} Kf8 26. Qb3 (26. Qc3 $11 {remains equal.} Rd1 27. Qh8+ Kxf7 28. Kf2 (28. Qxh7+ Ke6 $11)) 26... Rd6 27. Qe3 Rd1 ({Black should play} 27... Kxf7 $17 28. e5 Rd5 29. e6+ (29. Qxb6 Qd4+ 30. Qxd4 Rxd4 $17) (29. Rf1+ Ke8 $15) 29... Kg7 30. Qxb6 Qxa4 31. Qxb7 Qd4+ 32. Kh1 Qc5) 28. Qh6+ {The position is equal.} Kxf7 29. Qxh7+ Ke6 30. Rxd1 Qxd1+ {[%mdl 64] [#] Double Attack. KQ-KQ} 31. Kf2 Qd4+ 32. Kf3 Qf6+ 33. Ke3 Kd7 34. h4 Qd6 35. Kf3 Qf6+ 36. Ke3 Qd6 37. Kf3 Qf6+ 38. Ke3 {Accuracy: White = 62%, Black = 66%.} 1/2-1/2

[Event "ISR-chT 2019"]
[Site "Israel"]
[Date "2019.01.04"]
[Round "1"]
[White "Smirin, Ilia"]
[Black "Grinberg, Eyal"]
[Result "1-0"]
[WhiteElo "2610"]
[BlackElo "2470"]
[Annotator "TA"]
[PlyCount "75"]
[EventDate "2019.01.04"]
[EventType "team-tourn"]
[EventCountry "ISR"]
[SourceTitle "playchess.com"]
[Source "ChessBase"]
[SourceQuality "1"]

{[%evp 16,75,17,21,47,-4,8,-25,0,0,0,-32,0,-2,0,0,0,0,0,0,0,-77,-25,-79,-65,-181,23,-42,0,0,0,1,13,0,0,0,0,0,0,0,0,0,0,-104,412,408,407,406,405,398,5193,2546,29983,29984,29984,29985,29988,29989,29995,29996,29996,29997]} 1. e4 c5 2. Nf3 d6 3. d4 cxd4 4. Nxd4 Nf6 5. Nc3 a6 6. Nb3 e6 {B90: Sicilian Najdorf: Unusual White 6th moves, 6 Be3 Ng4 and 6 Be3 e5} (6... e5 7. Bg5 Be6 8. f4 exf4 9. Qd2 Be7 10. O-O-O Bxb3 11. cxb3 Nc6 12. Bxf4 O-O 13. Bxd6 Bxd6 14. Qxd6 Qa5 15. Be2 {½-½ (76) Kryvoruchko,Y (2695)-Abdusattorov,N (2558) Batumi 2018}) 7. g4 h6 8. h4 Nc6 9. Bg2 {LiveBook: 3 Games} Nd7 10. g5 (10. Be3 $14) 10... Qc7 $11 11. a4 $146 ({Predecessor:} 11. Qe2 b5 12. a3 Nde5 13. Bf4 Bb7 14. O-O-O Nc4 15. Rhg1 N6e5 16. gxh6 gxh6 17. Bxe5 dxe5 {0-1 (30) Djuric-Serebrysky,A Yugoslavia 1982}) 11... Nc5 12. Be3 Bd7 13. a5 Be7 14. Nd2 hxg5 15. hxg5 Rxh1+ 16. Bxh1 O-O-O 17. Nc4 Kb8 18. Nb6 {[#]} (18. f4 $11) 18... Be8 ({Better is} 18... Nxa5 $1 $17 {[%mdl 512]} 19. Ncd5 (19. Rxa5 Qxb6) 19... exd5 20. Nxd5 {[%mdl 64] Double Attack} Rh8) 19. Qd2 (19. Bg2 $11) 19... f6 $17 20. Rb1 (20. gxf6 $15 Bxf6 21. Nc4) 20... Nb4 $2 (20... Nxa5 21. Ncd5 $15) (20... fxg5 $1 $19 {White must now prevent ...Bf6.} 21. b4 d5 $1 {[%mdl 512]} 22. exd5 (22. Bxc5 $2 Qh2 $19) 22... Qh2) 21. Kf1 (21. gxf6 $11 Bxf6 22. Ne2) 21... d5 22. exd5 Bg6 $1 {[%cal Rg6c2]} 23. Rc1 fxg5 24. Bxg5 Bxg5 25. Qxg5 Bxc2 26. Qh4 Ncd3 {[#] And now ...g5 would win.} 27. Rxc2 $1 {[%mdl 512]} Nxc2 28. dxe6 {[%cal Bd5e6,Be6e7][%mdl 32] Strongly threatening e7.} Ncb4 {Threatening ...Nf4.} ({Don't blunder} 28... Nxb2 $2 29. Ncd5 $18) 29. Be4 {[#]} (29. Nd7+ $11 {keeps the balance.} Ka8 30. Qe4) 29... Re8 $2 {[%mdl 8192]} (29... Nf4 $1 $17 {[%cal Rf4e6] keeps the pressure on.} 30. Qg4 Re8) 30. Bg6 $18 Qe7 31. Qg3+ Ka7 32. Bxe8 {Threatening mate with Nc8+.} ({Less strong is} 32. Bxd3 Nxd3 33. Nbd5 (33. Qxd3 Qxe6 34. Nbd5 Qg4 $16) 33... Qxe6 $16) 32... Qxe8 $2 (32... Qxe6 33. Bd7 Qh6) 33. e7 Nxb2 {[#]} 34. Nc8+ $1 {[%mdl 512] White mates.} Ka8 (34... Qxc8 35. Qe3+) 35. Qe3 {[%csl Gc8][%cal Re3a7]} Nc6 36. Nd5 Qh5 37. Ncb6+ Ka7 38. Nd7+ {Accuracy: White = 48%, Black = 38%.} 1-0

[Event "ISR-chT 2019"]
[Site "Israel"]
[Date "2019.01.04"]
[Round "1"]
[White "Alterman, Boris"]
[Black "Steinberg, Nitzan"]
[Result "1/2-1/2"]
[WhiteElo "2605"]
[BlackElo "2530"]
[Annotator "ChessBase"]
[PlyCount "114"]
[EventDate "2019.01.04"]
[EventType "team-tourn"]
[EventCountry "ISR"]
[SourceTitle "playchess.com"]
[Source "ChessBase"]
[SourceQuality "1"]
[TimeControl "40/5400+30:1800+30"]

1. Nf3 {[%emt 0:00:00]} d5 {[%emt 0:01:21]} 2. e3 {[%emt 0:01:52]} Nf6 {[%emt 0:03:31]} 3. c4 {[%emt 0:03:53]} c6 {[%emt 0:00:31]} 4. b3 {[%emt 0:04:00]} Bg4 {[%emt 0:03:23]} 5. Bb2 {[%emt 0:00:51]} Nbd7 {[%emt 0:00:37]} 6. Be2 {[%emt 0:01:52]} e6 {[%emt 0:02:11]} 7. Nc3 {[%emt 0:09:12]} Bd6 {[%emt 0:02:19]} 8. cxd5 exd5 {[%emt 0:01:47]} 9. Nd4 {[%emt 0:04:51]} Nc5 {[%emt 0:04:37]} 10. Qc2 {[%emt 0:09:42]} Bxe2 11. Ncxe2 {[%emt 0:01:03]} g6 {[%emt 0:12:28]} 12. O-O {[%emt 0:05:51]} Qe7 {[%emt 0:03:22]} 13. Nf3 {[%emt 0:04:12]} O-O {[%emt 0:08:33]} 14. Bxf6 {[%emt 0:03:32]} Qxf6 {[%emt 0:00:12]} 15. b4 {[%emt 0:00:14]} Nd7 {[%emt 0:05:37]} 16. b5 {[%emt 0:06:15]} c5 {[%emt 0:03:19]} 17. Nc3 {[%emt 0:04:25]} Ne5 {[%emt 0:05:15]} 18. Nxe5 {[%emt 0:03:37]} Bxe5 {[%emt 0:00:12]} 19. Rac1 {[%emt 0:05:15]} Rad8 {[%emt 0:02:09]} 20. Qb3 {[%emt 0:02:32]} Rfe8 {[%emt 0:05:29]} 21. g3 {[%emt 0:06:10]} c4 {[%emt 0:06:33]} 22. Qc2 {[%emt 0:02:40]} d4 {[%emt 0:03:19]} 23. Nd1 {[%emt 0:04:12]} Rc8 {[%emt 0:10:37]} 24. exd4 {[%emt 0:00:44]} Bxd4 {[%emt 0:00:04]} 25. Ne3 {[%emt 0:00:12]} Rc5 {[%emt 0:05:45]} 26. Qa4 {[%emt 0:02:36]} c3 {[%emt 0:06:21]} 27. dxc3 {[%emt 0:01:06]} Bxe3 {[%emt 0:00:08]} 28. fxe3 {[%emt 0:00:14]} Qe5 {[%emt 0:01:45]} 29. Qd4 {[%emt 0:02:34]} Qxe3+ {[%emt 0:01:03]} 30. Qxe3 {[%emt 0:00:38]} Rxe3 {[%emt 0:00:01]} 31. c4 {[%emt 0:01:27]} Ra3 {[%emt 0:00:48]} 32. Rf2 {[%emt 0:01:38]} Ra4 {[%emt 0:00:26]} 33. Rfc2 {[%emt 0:00:15]} Kg7 {[%emt 0:00:45]} 34. Kg2 {[%emt 0:00:19]} f5 {[%emt 0:00:20]} 35. Rd1 {[%emt 0:02:24]} Rcxc4 {[%emt 0:00:30]} 36. Rd7+ {[%emt 0:00:30]} Kh6 {[%emt 0:00:30]} 37. Rxc4 {[%emt 0:00:30]} Rxc4 {[%emt 0:00:30]} 38. Rxb7 {[%emt 0:00:30]} Rc2+ {[%emt 0:00:09]} 39. Kg1 {[%emt 0:00:00]} Rxa2 {[%emt 0:00:05]} 40. b6 {[%emt 0:00:00]} axb6 {[%emt 0:00:30]} 41. Rxb6 {[%emt 0:30:21]} Kg5 {[%emt 0:30:30]} 42. Rb4 {[%emt 0:00:30]} Re2 {[%emt 0:00:30]} 43. Ra4 {[%emt 0:00:30]} Re4 {[%emt 0:00:30]} 44. Ra2 {[%emt 0:00:30]} h5 {[%emt 0:00:30]} 45. Kg2 {[%emt 0:00:30]} h4 {[%emt 0:00:30]} 46. Kh3 {[%emt 0:00:30]} Kh5 {[%emt 0:00:30]} 47. Ra8 {[%emt 0:00:30]} g5 {[%emt 0:00:30]} 48. Rh8+ {[%emt 0:00:30]} Kg6 {[%emt 0:00:30]} 49. gxh4 {[%emt 0:00:30]} g4+ {[%emt 0:00:30]} 50. Kg3 {[%emt 0:00:30]} Re3+ {[%emt 0:00:00]} 51. Kf4 {[%emt 0:00:00]} Re4+ {[%emt 0:00:00]} 52. Kg3 {[%emt 0:00:00]} Kf6 {[%emt 0:00:00]} 53. Rf8+ {[%emt 0:00:00]} Ke5 {[%emt 0:00:00]} 54. Re8+ {[%emt 0:00:00]} Kd4 {[%emt 0:00:00]} 55. Rd8+ {[%emt 0:00:00]} Ke5 {[%emt 0:00:00]} 56. Re8+ {[%emt 0:00:00]} Kd4 {[%emt 0:00:00]} 57. Rd8+ {[%emt 0:00:00]} Ke5 {[%emt 0:00:00]} 1/2-1/2

[Event "ISR-chT 2019"]
[Site "Israel"]
[Date "2019.01.04"]
[Round "1"]
[White "Roiz, Michael"]
[Black "Galburd, Yan"]
[Result "1/2-1/2"]
[WhiteElo "2605"]
[BlackElo "2397"]
[Annotator "ChessBase"]
[PlyCount "117"]
[EventDate "2019.01.04"]
[EventType "team-tourn"]
[EventCountry "ISR"]
[SourceTitle "playchess.com"]
[Source "ChessBase"]
[SourceQuality "1"]
[TimeControl "40/5400+30:1800+30"]

1. Nf3 {[%emt 0:00:00]} d5 {[%emt 0:00:00]} 2. g3 {[%emt 0:00:00]} Nc6 {[%emt 0:00:38]} 3. d4 {[%emt 0:01:43]} Bf5 {[%emt 0:00:16]} 4. Bg2 {[%emt 0:08:19]} Nb4 {[%emt 0:00:32]} 5. Na3 {[%emt 0:00:08]} e6 {[%emt 0:00:42]} 6. O-O {[%emt 0:03:08]} Nf6 {[%emt 0:06:14]} 7. Nh4 {[%emt 0:07:22]} Be4 {[%emt 0:06:39]} 8. f3 {[%emt 0:01:02]} Bg6 {[%emt 0:00:09]} 9. c3 {[%emt 0:05:22]} Na6 {[%emt 0:05:09]} 10. Qb3 {[%emt 0:07:00]} Rb8 {[%emt 0:04:15]} 11. e4 {[%emt 1:01:26]} Be7 {[%emt 1:10:56]} 12. Nxg6 {[%emt 0:00:00]} hxg6 {[%emt 0:00:00]} 13. Bf4 {[%emt 0:01:00]} Nh5 {[%emt 0:01:00]} 14. Be3 {[%emt 0:00:00]} Nf6 {[%emt 0:00:30]} 15. Bf4 {[%emt 0:00:00]} Nh5 {[%emt 0:00:00]} 16. Bd2 {[%emt 0:00:00]} Nf6 {[%emt 0:01:00]} 17. Rad1 {[%emt 0:02:00]} b5 {[%emt 0:00:30]} 18. exd5 {[%emt 0:00:00]} exd5 {[%emt 0:00:00]} 19. Rfe1 {[%emt 0:00:00]} c6 {[%emt 0:00:00]} 20. Nc2 {[%emt 0:00:00]} O-O {[%emt 0:00:00]} 21. a4 {[%emt 0:00:00]} Nc7 {[%emt 0:00:00]} 22. axb5 {[%emt 0:00:00]} Nxb5 {[%emt 0:00:00]} 23. Qa4 {[%emt 0:00:00]} Qd7 {[%emt 0:00:00]} 24. Bf1 {[%emt 0:00:00]} a5 {[%emt 0:00:00]} 25. Kg2 {[%emt 0:00:00]} Rfe8 {[%emt 0:00:00]} 26. b3 {[%emt 0:00:00]} Ra8 {[%emt 0:00:00]} 27. Re2 {[%emt 0:00:00]} Reb8 {[%emt 0:00:00]} 28. Ne1 {[%emt 0:00:00]} Bd6 {[%emt 0:00:00]} 29. Nd3 {[%emt 0:00:00]} Qc7 {[%emt 0:00:18]} 30. Ree1 {[%emt 0:01:05]} Qb7 {[%emt 0:02:36]} 31. Ra1 {[%emt 0:04:12]} Nd7 {[%emt 0:00:35]} 32. Qa2 {[%emt 0:00:12]} Nc7 {[%emt 0:00:34]} 33. Rab1 {[%emt 0:00:37]} Nb5 {[%emt 0:01:56]} 34. Rb2 {[%emt 0:00:51]} Qa7 {[%emt 0:00:39]} 35. Rc2 {[%emt 0:00:59]} Qb7 {[%emt 0:01:23]} 36. Rb2 {[%emt 0:00:20]} Qa7 {[%emt 0:00:15]} 37. Rd1 {[%emt 0:00:13]} a4 {[%emt 0:01:00]} 38. bxa4 {[%emt 0:00:30]} Qxa4 {[%emt 0:00:03]} 39. Qxa4 {[%emt 0:00:08]} Rxa4 {[%emt 0:00:01]} 40. Nf4 {[%emt 0:01:24]} Na3 {[%emt 0:01:30]} 41. Rxb8+ {[%emt 0:30:25]} Nxb8 {[%emt 0:02:02]} 42. Ra1 {[%emt 0:00:00]} Nd7 {[%emt 0:02:58]} 43. Nd3 {[%emt 0:00:00]} Ra7 {[%emt 0:01:24]} 44. Bf4 {[%emt 0:00:00]} Bxf4 {[%emt 0:06:11]} 45. Nxf4 {[%emt 0:00:00]} Nb5 {[%emt 0:00:10]} 46. Rxa7 {[%emt 0:00:00]} Nxa7 {[%emt 0:00:02]} 47. h4 {[%emt 0:00:00]} Kf8 {[%emt 0:01:59]} 48. Kf2 {[%emt 0:00:00]} Ke7 {[%emt 0:00:26]} 49. Ke3 {[%emt 0:00:00]} Kd6 {[%emt 0:00:33]} 50. c4 {[%emt 0:00:00]} dxc4 {[%emt 0:04:38]} 51. Bxc4 {[%emt 0:00:00]} Ke7 {[%emt 0:00:32]} 52. Nd3 {[%emt 0:00:00]} Nb6 {[%emt 0:05:11]} 53. Bb3 {[%emt 0:00:00]} Nd5+ {[%emt 0:00:16]} 54. Ke4 {[%emt 0:00:00]} Nc3+ {[%emt 0:00:15]} 55. Ke3 {[%emt 0:00:00]} Nd5+ {[%emt 0:00:09]} 56. Bxd5 {[%emt 0:00:00]} cxd5 {[%emt 0:00:06]} 57. Ne5 {[%emt 0:00:00]} Nb5 {[%emt 0:00:44]} 58. Kd3 {[%emt 0:00:00]} Ke6 {[%emt 0:00:23]} 59. g4 {[%emt 0:10:04]} 1/2-1/2

[Event "ISR-chT 2019"]
[Site "Israel"]
[Date "2019.01.04"]
[Round "1"]
[White "Zubov, Alexander"]
[Black "Zilberman, Yaacov"]
[Result "1-0"]
[WhiteElo "2598"]
[BlackElo "2334"]
[Annotator "ChessBase"]
[PlyCount "99"]
[EventDate "2019.01.04"]
[EventType "team-tourn"]
[EventCountry "ISR"]
[SourceTitle "playchess.com"]
[Source "ChessBase"]
[SourceQuality "1"]
[TimeControl "40/5400+30:1800+30"]

1. e4 {[%emt 0:00:00]} Nf6 {[%emt 0:00:06]} 2. e5 {[%emt 0:00:10]} Nd5 {[%emt 0:00:05]} 3. d4 {[%emt 0:01:40]} d6 {[%emt 0:00:12]} 4. Bc4 {[%emt 0:05:59]} Nb6 {[%emt 0:04:55]} 5. Bb3 {[%emt 0:00:12]} dxe5 {[%emt 0:00:08]} 6. Qf3 {[%emt 0:06:03]} e6 {[%emt 0:01:22]} 7. dxe5 {[%emt 0:00:03]} Nc6 {[%emt 0:02:30]} 8. Qg3 {[%emt 0:00:09]} Nd4 {[%emt 0:08:46]} 9. Nf3 {[%emt 0:13:35]} Nf5 {[%emt 0:07:57]} 10. Qh3 {[%emt 0:12:14]} Bd7 {[%emt 0:03:32]} 11. O-O {[%emt 0:02:07]} Bc6 {[%emt 0:02:25]} 12. Nc3 {[%emt 0:08:13]} Be7 {[%emt 0:20:09]} 13. Rd1 {[%emt 0:05:07]} Nd7 {[%emt 0:09:59]} 14. g4 {[%emt 0:09:56]} Nh4 {[%emt 0:03:45]} 15. Nd4 {[%emt 0:00:15]} Bg2 {[%emt 0:00:24]} 16. Qg3 {[%emt 0:01:42]} c5 {[%emt 0:02:55]} 17. Nxe6 {[%emt 0:05:45]} fxe6 {[%emt 0:00:14]} 18. Bxe6 {[%emt 0:00:45]} Nxe5 {[%emt 0:00:19]} 19. Rxd8+ {[%emt 0:00:14]} Rxd8 {[%emt 0:00:08]} 20. f4 {[%emt 0:06:39]} Nef3+ {[%emt 0:00:57]} 21. Kf2 {[%emt 0:00:07]} Nd4 {[%emt 0:03:29]} 22. Bc4 {[%emt 0:06:17]} Nxc2 {[%emt 0:04:54]} 23. g5 {[%emt 0:04:36]} Nxa1 {[%emt 0:03:11]} 24. Qxh4 {[%emt 0:00:06]} Bc6 {[%emt 0:00:41]} 25. Qh5+ {[%emt 0:01:14]} g6 {[%emt 0:03:17]} 26. Qe2 {[%emt 0:00:07]} Rf8 {[%emt 0:02:22]} 27. Nb5 {[%emt 0:02:22]} a6 {[%emt 0:04:56]} 28. Nc7+ {[%emt 0:00:19]} Kd7 {[%emt 0:00:07]} 29. Ne6 {[%emt 0:00:29]} Bd6 {[%emt 0:03:17]} 30. Qd1 {[%emt 0:05:12]} Rde8 {[%emt 0:03:56]} 31. Nxf8+ {[%emt 0:00:36]} Rxf8 {[%emt 0:00:06]} 32. Be3 {[%emt 0:00:19]} Kc7 {[%emt 0:00:44]} 33. Be2 {[%emt 0:02:21]} Bxf4 {[%emt 0:00:33]} 34. Bxf4+ {[%emt 0:00:07]} Rxf4+ {[%emt 0:00:12]} 35. Kg3 {[%emt 0:00:12]} Re4 {[%emt 0:01:50]} 36. Bg4 {[%emt 0:00:07]} Re3+ {[%emt 0:01:26]} 37. Kf2 {[%emt 0:00:51]} Re4 {[%emt 0:00:16]} 38. h3 {[%emt 0:00:08]} Re5 {[%emt 0:00:21]} 39. Qxa1 {[%emt 0:00:25]} Rxg5 {[%emt 0:00:15]} 40. Qe1 {[%emt 0:01:02]} Kb6 {[%emt 0:00:33]} 41. Qe3 {[%emt 0:30:36]} Rd5 {[%emt 0:30:53]} 42. b4 {[%emt 0:00:08]} h5 {[%emt 0:02:21]} 43. Be6 {[%emt 0:00:15]} Rd1 {[%emt 0:00:00]} 44. Qxc5+ {[%emt 0:00:00]} Kc7 {[%emt 0:00:00]} 45. a4 {[%emt 0:00:00]} Rd6 {[%emt 0:00:00]} 46. Bb3 {[%emt 0:00:00]} Rf6+ {[%emt 0:00:00]} 47. Ke1 {[%emt 0:00:00]} Rf5 {[%emt 0:00:00]} 48. Qe7+ {[%emt 0:00:00]} Kb6 {[%emt 0:00:00]} 49. Bc2 {[%emt 0:00:00]} Rf3 {[%emt 0:00:00]} 50. Qc5+ {[%emt 0:00:00]} 1-0

[Event "ISR-chT 2019"]
[Site "Israel"]
[Date "2019.01.04"]
[Round "1"]
[White "Mikhalevski, Victor"]
[Black "Psakhis, Lev"]
[Result "1-0"]
[WhiteElo "2581"]
[BlackElo "2455"]
[Annotator "TA"]
[PlyCount "89"]
[EventDate "2019.01.04"]
[EventType "team-tourn"]
[EventCountry "ISR"]
[SourceTitle "playchess.com"]
[Source "ChessBase"]
[SourceQuality "1"]

{[%evp 10,88,27,13,56,19,24,22,16,28,24,10,32,14,14,0,8,4,15,0,33,29,39,21,100,89,170,181,186,154,144,131,123,122,130,132,135,139,132,132,159,146,173,164,172,137,159,156,167,0,154,131,146,139,189,169,181,144,143,138,140,89,194,144,151,140,171,0,249,212,438,437,422,410,29978,29979,29995,29996,29996,29997,29999]} 1. d4 Nf6 2. c4 e6 3. Nf3 {[%cal Bg1f3,Bf3d4,Bd4b5,Bb5d6][%mdl 32]} b6 4. g3 Bb7 5. Bg2 g6 6. Qc2 {LiveBook: 4 Games. E16: Queen's Indian: 4 g3 Bb7 5 Bg2 Bb4+} c5 7. O-O $146 ({Predecessor:} 7. dxc5 bxc5 8. Nc3 Nc6 9. Bf4 d6 10. O-O-O a6 11. e4 Qb6 12. e5 Nd7 13. exd6 Bg7 {0-1 (34) Atalik,S (2595)-Nikolaidis,I (2490) Poros 1998}) 7... cxd4 8. Nxd4 {White has an edge.} Bxg2 9. Kxg2 Bg7 10. Rd1 O-O 11. Nb5 Qc8 12. Nd6 Qc6+ 13. f3 Ne8 14. Bf4 Nxd6 15. Rxd6 Qc5 {[#] Hoping for ...g5.} 16. Nd2 $36 {[%mdl 2048] Black is under pressure.} Nc6 (16... Rc8 $11) 17. Ne4 $16 Qf5 (17... Qb4 $16 {was called for.}) 18. Rad1 $18 ({Weaker is} 18. Rxd7 e5 $15) 18... Qa5 19. a3 {[%cal Ba2a3,Ba3a4][%mdl 32]} ({Don't do} 19. Rxd7 $6 Qxa2 20. R1d2 e5 $14) 19... Ne5 20. a4 f5 21. Nf2 Rf7 22. b3 Raf8 23. Bxe5 Qxe5 24. Rxd7 g5 25. R7d6 Re7 26. R1d3 Bf6 27. Qd2 Kf7 28. Re3 Qc5 29. Red3 Qe5 $1 30. Nd1 {[%cal Bf2d1,Bd1c3,Bc3b5][%mdl 32]} Rfe8 31. Nc3 Qc5 32. Nb5 Kg6 33. Rd7 a5 34. Rxe7 Rxe7 35. Rd8 (35. Rd6 $142) 35... Be5 (35... h5 $16) 36. Kf1 h6 37. Qd3 Kf7 38. Qd2 $2 {[#]} ({White should try} 38. Kg2 $18) 38... Qc6 $2 (38... Kg6 $11) 39. Qe3 Bc7 $2 (39... Qc5 40. Qxc5 bxc5) 40. Nxc7 Qxc7 41. Qd4 Qc5 (41... Kg6 $18 42. Rg8+ Rg7 43. Rxg7+ Qxg7 44. Qxb6 Qe5) 42. Qh8 {White mates.} Kg6 43. Rg8+ Kh5 44. Qf6 {[%csl Gg8][%cal Rf6g6]} Rd7 45. Qg6# {Accuracy: White = 58%, Black = 40%.} 1-0

[Event "ISR-chT 2019"]
[Site "Israel"]
[Date "2019.01.04"]
[Round "1"]
[White "Golod, Vitali"]
[Black "Mindlin, Alon"]
[Result "0-1"]
[WhiteElo "2532"]
[BlackElo "2462"]
[Annotator "ChessBase"]
[PlyCount "122"]
[EventDate "2019.01.04"]
[EventType "team-tourn"]
[EventCountry "ISR"]
[SourceTitle "playchess.com"]
[Source "ChessBase"]
[SourceQuality "1"]
[TimeControl "40/5400+30:1800+30"]

1. d4 {[%emt 0:00:00]} Nf6 {[%emt 0:00:00]} 2. c4 {[%emt 0:00:12]} e6 {[%emt 0:00:01]} 3. Nf3 {[%emt 0:01:41]} Bb4+ {[%emt 0:00:23]} 4. Bd2 {[%emt 0:04:17]} Qe7 {[%emt 0:01:11]} 5. g3 {[%emt 0:00:12]} Nc6 {[%emt 0:01:28]} 6. Bg2 {[%emt 0:03:34]} Bxd2+ {[%emt 0:02:33]} 7. Nbxd2 {[%emt 0:04:47]} d6 {[%emt 0:01:13]} 8. e4 {[%emt 0:01:59]} O-O {[%emt 0:03:33]} 9. O-O {[%emt 0:01:44]} e5 {[%emt 0:00:04]} 10. d5 {[%emt 0:00:33]} Nb8 {[%emt 0:00:05]} 11. Ne1 {[%emt 0:01:00]} a5 {[%emt 0:05:46]} 12. Nd3 {[%emt 0:00:56]} Na6 {[%emt 0:03:10]} 13. a3 {[%emt 0:08:51]} Bg4 {[%emt 0:25:37]} 14. Qe1 {[%emt 0:08:16]} c6 {[%emt 0:07:38]} 15. f4 {[%emt 0:08:35]} cxd5 {[%emt 0:09:24]} 16. cxd5 {[%emt 0:01:44]} exf4 {[%emt 0:12:08]} 17. gxf4 {[%emt 0:01:05]} Rae8 {[%emt 0:00:23]} 18. Kh1 {[%emt 0:09:41]} Qd7 {[%emt 0:08:35]} 19. Qg3 {[%emt 0:09:19]} Be2 {[%emt 0:01:27]} 20. Rf2 {[%emt 0:04:28]} Bxd3 {[%emt 0:03:36]} 21. Qxd3 {[%emt 0:00:13]} Nc5 {[%emt 0:00:09]} 22. Qd4 {[%emt 0:01:54]} Ng4 {[%emt 0:01:51]} 23. Rff1 {[%emt 0:03:27]} f5 {[%emt 0:01:01]} 24. e5 {[%emt 0:02:06]} Qb5 {[%emt 0:04:18]} 25. e6 {[%emt 0:02:03]} Rf6 {[%emt 0:01:00]} 26. h3 {[%emt 0:03:37]} Rh6 {[%emt 0:00:08]} 27. Kg1 {[%emt 0:00:44]} Nf6 {[%emt 0:00:21]} 28. b4 {[%emt 0:01:01]} Nce4 {[%emt 0:00:51]} 29. Nxe4 {[%emt 0:01:15]} fxe4 {[%emt 0:00:38]} 30. f5 {[%emt 0:01:39]} Rh5 {[%emt 0:00:18]} 31. a4 {[%emt 0:04:14]} Qxb4 {[%emt 0:01:05]} 32. Qxb4 {[%emt 0:00:50]} axb4 {[%emt 0:00:01]} 33. Rad1 {[%emt 0:02:28]} Rg5 {[%emt 0:02:53]} 34. Rd4 {[%emt 0:01:50]} Rc8 {[%emt 0:00:03]} 35. Rf2 {[%emt 0:01:25]} b3 {[%emt 0:00:16]} 36. Kh2 {[%emt 0:01:48]} e3 {[%emt 0:01:38]} 37. Re2 {[%emt 0:02:06]} Rc3 {[%emt 0:00:31]} 38. Rb4 {[%emt 0:01:53]} h5 {[%emt 0:00:13]} 39. Rxb7 {[%emt 0:00:49]} Rc2 {[%emt 0:00:25]} 40. Bf3 {[%emt 0:01:10]} Rxf5 {[%emt 0:00:20]} 41. Rxb3 {[%emt 0:05:27]} Rxe2+ {[%emt 0:01:14]} 42. Bxe2 {[%emt 0:01:16]} Rf2+ {[%emt 0:00:47]} 43. Kg3 {[%emt 0:06:13]} h4+ {[%emt 0:11:34]} 44. Kxh4 {[%emt 0:00:24]} Rxe2 {[%emt 0:00:04]} 45. Kg3 {[%emt 0:08:54]} Nxd5 {[%emt 0:01:23]} 46. Rb8+ {[%emt 0:00:13]} Kh7 {[%emt 0:00:06]} 47. Rd8 {[%emt 0:00:24]} Ne7 {[%emt 0:07:45]} 48. Kf3 {[%emt 0:03:22]} Rf2+ {[%emt 0:00:10]} 49. Kxe3 {[%emt 0:00:17]} Rf6 {[%emt 0:00:03]} 50. Re8 {[%emt 0:02:37]} Rxe6+ {[%emt 0:00:13]} 51. Kd3 {[%emt 0:02:16]} Kg6 {[%emt 0:00:39]} 52. a5 {[%emt 0:00:12]} Kf7 {[%emt 0:00:05]} 53. a6 {[%emt 0:00:31]} Kxe8 {[%emt 0:00:57]} 54. a7 {[%emt 0:00:21]} Re3+ {[%emt 0:00:02]} 55. Kxe3 {[%emt 0:00:06]} Nd5+ {[%emt 0:00:04]} 56. Ke4 {[%emt 0:01:21]} Nc7 {[%emt 0:00:11]} 57. h4 {[%emt 0:01:05]} g6 {[%emt 0:01:36]} 58. Kf4 {[%emt 0:01:50]} Kf7 {[%emt 0:00:10]} 59. Kg5 {[%emt 0:00:26]} d5 {[%emt 0:00:06]} 60. Kg4 {[%emt 0:00:15]} Ke6 {[%emt 0:00:35]} 61. Kg5 {[%emt 0:00:10]} d4 {[%emt 0:00:16]} 0-1